ბათუმის შოთა რუსთაველის სახელმწიფო უნივერსიტეტის ბიბლიოთეკა

გამოყენებითი კარტოგრაფიის საფუძვლები : (ბიბ.ჩანაწერი № 57844)

000 -ლიდერი
ფიქსირებული სიგრძის საკონტროლო ველი 01441nam a22002297a 4500
003 - საკონტროლო ნომრის იდენტიფიკატორი
საკონტროლო ველი Ge_BSU
005 - ბოლო ოპერაციის თარიღი და დრო
საკონტროლო ველი 20210315184517.0
008 - ფიქსირებული სიგრძის მონაცემთა ელემენტები - ზოგადი ინფორმაცია
ფიქსირებული სიგრძის საკონტროლო ველი 210315s2013 ge ||||| |||| 00| 0 geo d
020 ## - წიგნის საერთაშორისო სტანდარტული ნომერი
International Standard Book Number 9789994090310
041 ## - ენის კოდი
Language code of text/sound track or separate title geo
080 ## - უნივერსალური ათობითი კლასიფიკაციის ინდექსი
Universal Decimal Classification number 528.9 ლ-22
100 ## - მთავარი ჩანაწერი - პიროვნების სახელი
Personal name ლაოშვილი, ზურაბ
9 (RLIN) 10456
245 ## - ცნობა სათაურის შესახებ
Title გამოყენებითი კარტოგრაფიის საფუძვლები :
Remainder of title გეოინფორმაციული სისტემების სპეციალისტებისათვის /
Statement of responsibility, etc ზურაბ ლაოშვილი ; [რედ. თეა თაბაგარი]. სამეცნ. რედაქტორები სპარტაკ ასლანიშვილი, თენგიზ გორდეზიანი
264 ## - წარმოების, გამოცემის, დისტრიბუციის და სხვა ცნობები
გამოცემის, წარმოების, დისტრიბუციის... ადგილი თბ. :
გამოცემის, წარმოების, დისტრიბუციის... სახელწოდება გეოიდი,
გამოცემის, წარმოების, დისტრიბუციის... თარიღი 2013.
300 ## - ფიზიკური აღწერა
Extent 103 გვ. :
Other physical details ნახ.
Dimensions 20 სმ.
504 ## - BIBLIOGRAPHY, ETC. NOTE
Bibliography, etc ბიბლიოგრ. გვ. 102-103
653 ## - INDEX TERM--UNCONTROLLED
Uncontrolled term გამოყენებითი კარტოგრაფია
700 ## - ADDED ENTRY--PERSONAL NAME
Personal name თაბაგარი, თეა
Relator term რრედაქტორი
9 (RLIN) 10457
700 ## - ADDED ENTRY--PERSONAL NAME
Personal name ასლანიშვილი, სპარტაკ
Relator term სამეცნ. რედაქტორი
9 (RLIN) 10458
700 ## - ADDED ENTRY--PERSONAL NAME
Personal name გორდეზიანი, თენგიზ
Relator term სამეცნ. რედაქტორი
9 (RLIN) 10459
942 ## - ADDED ENTRY ELEMENTS (KOHA)
Source of classification or shelving scheme
Koha item type წიგნი
ეგზემპლარები
ჩამოწერის სტატუსი დაკარგული ეგზემპლარის სტატუსი კლასიფიკაციის წყარო ან თაროზე გაწყობის სქემა დაზიანების სტატუსი არ გაიცემა მუდმივი მდებარეობა (დაცვის ადგილი) ამჟამინდელი ადგილსამყოფელი თაროზე განთავსების ადგილი შეძენის თარიღი ღირებულება, შესყიდვის ნორმალური ფასი სრული შენახვის შიფრი შტრიხკოდი ბოლო ოპერაციის თარიღი ეგზემპლარის მიმდევრობითი ნომერი (კეტერი?) ფასის ძალაში შესვლის თარიღი ეგზემპლარის სახეობა საჯარო შენიშვნა
          ბათუმის შოთა რუსთაველის სახელმწიფო უნივერსიტეტის მთავარი ბიბლიოთეკა ბათუმის შოთა რუსთაველის სახელმწიფო უნივერსიტეტის მთავარი ბიბლიოთეკა წიგნსაცავი 2021-03-15 7.00 528.9 ლ-22 61206 2021-03-15 61206 2021-03-15 წიგნი 7 ლ.